000 00871nam a22001935i 4500
001 156164
003 ES-MaACL
005 20230906210333.0
008 020418s1889 sp |||| | spa d
040 _aCAM
_bspa
_cCAM
100 1 _aJackson Veyán, José.
_965824
245 1 0 _aBuñuelos
_b: pasillo cómico-lírico-filosófico, en un acto y en verso /
_coriginal de José Jackson Veyan; música del maestro Caballero.
260 _aMadrid :
_b[s.n.],
_c1889 (
_fimprenta de M.P. Montoya)
300 _a32 p. ;
_c20 cm.
500 1 _aEstrenado en el teatro Eslava, el 14 de octubre de 1889.
596 1 _aEn verso de port. consta: "... de la Biblioteca lírico-dramática de Enrique Arregui ..."
700 2 1 _aFernández Caballero, Manuel,
_emús.
_949531
852 _aES-MaACL
_jF-4091(13)
_z-- Enc. hol.
_q-- Falto de la cub. original
_z-- Enc. en un vol. facticio
999 _c156164
_d156164